[Event "Olympiad-41"]
[Site "Tromsoe"]
[Date "2014.08.14"]
[Round "11.2"]
[White "Nguyen, Ngoc Truong Son"]
[Black "Anton Guijarro, David"]
[Result "1-0"]
[WhiteElo "2634"]
[BlackElo "2624"]
[Annotator "Krasenkow,M"]
[PlyCount "63"]
[EventDate "2014.08.02"]
[EventType "team-swiss"]
[EventRounds "11"]
[EventCountry "NOR"]
[SourceTitle "CBM 162"]
[Source "ChessBase"]
[SourceDate "2014.09.17"]
[SourceVersion "1"]
[SourceVersionDate "2014.09.17"]
[SourceQuality "1"]
[WhiteTeam "Vietnam"]
[BlackTeam "Spain"]
[WhiteTeamCountry "VIE"]
[BlackTeamCountry "ESP"]

1. Nf3 Nf6 2. c4 g6 3. d4 Bg7 4. Nc3 O-O 5. e4 d6 6. Be2 Bg4 7. Be3 Nfd7 8. O-O
Nc6 9. d5 Bxf3 10. Bxf3 Na5 11. Be2 Bxc3 12. bxc3 e5 {This theoretical line
presents a typical clash of positional factors. Black has yielded White the
bishop pair but destroyed his pawn structure on the queenside. White must try
to open up the position for his bishops and create a kingside attack.} 13. dxe6
$1 fxe6 14. f4 (14. c5 $5 Nxc5 15. e5 b6 16. Bg4 Nab7 17. exd6 cxd6 18. Qd2 Qf6
19. Bg5 Qf7 20. Bh6 Rfe8 21. c4 Ne4 22. Qd4 Nf6 23. Bf3 e5 24. Qh4 $44 {
1-0 (37) Ding,L (2714)-Zhao,J (2603) Danzhou 2014}) (14. Bh6 $5 {may be the
most appropriate:} Rf7 15. f4 Nc5 16. Qd4 Qe7 17. Qe3 Re8 18. Rad1 c6 19. e5 d5
20. cxd5 exd5 21. Rf3 b5 22. Rdf1 Nc4 23. Bxc4 dxc4 24. Bg5 Qf8 25. f5 $1 $40 {
1-0 (38) Dziuba,M (2562)-Arizmendi Martinez,J (2528) Belgrade 2009}) 14... Qe7
(14... b6 15. Qe1 Qe7 16. Rd1 (16. Qg3 Rae8 17. Rae1 Qg7 18. Bc1 Nc5 19. Qe3
Qd7 20. h4 {1/2 (20) Spassky,B (2590)-Zueger,B (2385) Zuerich 1984}) 16... Rae8
17. Qg3 Nb7 18. e5 Nbc5 19. exd6 cxd6 20. Bf3 Nf6 {1-0 (35) Naumkin,I (2440)
-Indelicati,G (2202) Castellaneta 2000} 21. Bxc5 bxc5 22. Rfe1 $36 {[%cal
Yh2h4]}) (14... Nb6 $5 15. c5 Nbc4 16. Bd4 b6 17. cxb6 axb6 18. f5 c5 19. Bf2 {
1-0 (34) Nyzhnyk,I (2428)-Bitalzadeh,A (2310) Enschede 2008} Qe7 $13) (14...
Nc6 15. Qb3 (15. c5 Nxc5 16. Bxc5 dxc5 17. Qb3 Qd2 $13) 15... Na5 16. Qb5 c6
17. Qb2 b6 $13) 15. Rb1 (15. f5 exf5 16. Qd5+ Rf7 17. Qxa5 Qxe4 18. Rf3 f4 19.
Re1 fxe3 20. Rxf7 Kxf7 21. Bf3 Qe7 22. Bxb7 Re8 23. Bc6 Qf6 $1 24. Qd5+ Kg7 25.
Qd4 {1/2 (42) Astrom,R (2260)-Zueger,B (2405) Stockholm 1987} Re5 $1 26. Rxe3
Rxe3 27. Qxe3 Ne5 $15) (15. Rf3 Rf7 (15... b6 16. Qc2 Nb7 17. Raf1 Nbc5 18. Rg3
Rf7 19. f5 Ne5 20. Bf4 Raf8 $13 {0-1 (38) Doroshenko,M (2270)-Moldovan,D (2405)
Bucharest 1994}) 16. Qa4 b6 17. Raf1 Raf8 18. Rg3 Kh8 19. Qc2 Nb7 20. Rg5 Nbc5
21. h4 e5 22. f5 Rg7 23. h5 gxh5 24. Rxg7 Qxg7 {1/2 (24) Prusikin,M (2520)-Hug,
W (2463) Chur 2010}) (15. Bd3 b6 (15... Rf7 16. Qe2 Raf8 17. Rf3 b6 18. Raf1
Nb7 19. Bc2 Nbc5 20. f5 Ne5 21. Rg3 Kh8 22. Bg5 Qe8 $13 {1-0 (65) Shneider,A 
(2485)-Martin del Campo,R (2465) Havana 1990}) 16. Qe2 (16. Qg4 Rf7 17. Rf3
Raf8 18. Raf1 Nb7 19. Bc2 Nbc5 20. Qh3 Nf6 $132 {1-0 (50) Markus,R (2472)-Biti,
O (2356) Pula 2003}) 16... Rae8 17. Rae1 Nb7 18. Bc2 Nbc5 19. Kh1 Qg7 20. Qd2
Rf7 21. g3 Qf8 22. Qg2 {1/2 (22) Ligterink,G (2455)-Davies,N (2410) Wijk aan
Zee 1982}) (15. Qa4 b6 16. Rad1 $5 (16. Rae1 Nb7 (16... Rae8 17. g3 Nc5 18. Qc2
Qd7 19. Bxc5 dxc5 20. Rd1 Qc6 21. e5 $36 {1/2 (43) Dragun,K (2546)-Jarmula,P 
(2133) Olsztyn 2013}) 17. Bf3 Nbc5 18. Qc2 Rae8 $13 {0-1 (79) Cuellar Gacharna,
M (2400)-Tal,M (2655) Leningrad 1973}) 16... Rf7 (16... Nb7 17. e5 $1) 17. g3 (
17. e5 dxe5 18. fxe5 Rxf1+ 19. Bxf1 Nxe5 20. c5 Rd8 21. Re1 Nf7 22. Qe4 Qf6 23.
Bd4 e5 24. Bxe5 Nxe5 25. Qxe5 Qxe5 26. Rxe5 Kf7 $11 {1/2 (39) Jaworski,M (2348)
-Antoniewski,R (2578) Czechia 2010}) 17... Raf8 18. h4 h6 19. Kg2 g5 20. fxg5
Rxf1 21. Rxf1 Rxf1 22. Kxf1 hxg5 23. Bxg5 Qf7+ 24. Kg2 Nc5 25. Qc2 Qg6 26. Bd3
$14 {1-0 (46) Anastasian,A (2595)-Guseinov,G (2585) Abu Dhabi 2005}) 15... b6
16. g3 (16. Qc2 Rae8 17. Rf3 Nb7 18. g4 Nbc5 19. g5 Rf7 20. Rbf1 c6 21. h4 d5
$132 {1/2 (67) Cseke,R (2270)-Dostan,J (2315) Hungary 2007}) 16... Nb7 (16...
Rad8 {was more accurate. Black is planning ...Na5-b7-c5, and White can't play
17.Bf3 to prevent that.}) 17. Bf3 $1 Nbc5 (17... Rab8 $5 {[%cal Yb7c5] was
still good. After the text move White opens up the position and increases his
chances.}) 18. e5 $1 {[%mdl 32]} Rad8 19. exd6 cxd6 20. Qe2 e5 $6 {A
contribution to White's plan.} (20... Nf6 {was still more solid.}) 21. fxe5
dxe5 (21... Nxe5 22. Bd5+ Kh8 23. Bh6 $36) 22. Bh6 {White wins an exchange,
and Black's blockade on c5 is an insufficient compensation.} e4 (22... Rf5 {
is even worse due to} 23. Bd5+ Kh8 24. Rxf5 gxf5 25. Rf1 Qf6 26. Qh5) 23. Bxf8
Rxf8 24. Bg2 Re8 25. Rbd1 Qe5 (25... Nf6 $142) 26. Qf2 Re7 27. Qd4 $1 {[%csl
Gd4]} Kg7 28. Rd2 Nb8 29. Bh3 Nc6 $2 {[%mdl 8192] This loses at once but
Black's position was grim anyway, e.g.} (29... Nd3 30. Re2 Nc6 (30... Qxd4+ 31.
cxd4) 31. Qd5 {, and White should win.}) 30. Qf2 $1 {An unexpected comeback of
the queen: Black can't successfully parry the simple mating threat!} h5 (30...
Kh6 31. Rd5 e3 32. Qf8+ Qg7 33. Qf4+ g5 34. Rd6+) 31. Rd5 Qc7 32. Qf8+ (32.
Qf8+ Kh7 33. Rxh5+ gxh5 34. Bf5#) 1-0

[Event "Gibraltar Masters 10th"]
[Site "Caleta"]
[Date "2012.01.29"]
[Round "6"]
[White "Erdos, Viktor"]
[Black "Mamedyarov, Shakhriyar"]
[Result "0-1"]
[WhiteElo "2634"]
[BlackElo "2747"]
[Annotator "Krasenkow,M"]
[PlyCount "148"]
[EventDate "2012.01.24"]
[EventType "swiss"]
[EventRounds "10"]
[EventCountry "GGB"]
[SourceTitle "CBM 147"]
[Source "ChessBase"]
[SourceDate "2012.03.16"]
[SourceVersion "1"]
[SourceVersionDate "2012.03.16"]
[SourceQuality "1"]

1. d4 Nf6 2. c4 g6 3. Nf3 Bg7 4. g3 O-O 5. Bg2 d6 6. Nc3 c6 7. O-O Qa5 8. e4
Bg4 9. h3 Bxf3 10. Bxf3 Nfd7 11. Be3 c5 $6 {Premature.} ({The flexible} 11...
a6 {, freeing the a7-square for Black's rook, is more popular here.}) 12. dxc5
{Simple play. White was either unaware of the theoretical recommendations,
scared of a possible improvement, or perhaps relied on his novelty on move 15.}
(12. d5 {is not dangerous due to} Qb4 $1 {, e.g.} 13. Qb3 a5 14. Be2 a4 15. Qc2
a3 $132 {1/2 Podkriznik,G (2378)-Basagic,Z (2377)/Bled 2005/CBM 109 ext (36)})
(12. e5 $1 {[%cal Rf3b7] is the strongest move introduced by GM A.Goldin:} cxd4
(12... Nc6 13. exd6 $1 exd6 14. dxc5 $16) 13. Bxd4 (13. Bxb7 dxc3 $13) 13...
Nc6 (13... dxe5 14. Be3 Rd8 (14... Qa6 15. Nd5 Qd6 16. c5 $1 Nxc5 17. Bxc5 Qxc5
18. Rc1 $18 {1-0 Blagojevic,D (2546)-Janev,E (2461)/Vrnjacka Banja 2009/CBM
132 Extra (31)}) 15. Bxb7 Nc5 16. Bxa8 Rxd1 17. Raxd1 $16 {1/2 Goldin,A (2595)
-Dzindzichashvili,R (2560)/Philadelphia 1992/TD (41)}) 14. Bxc6 bxc6 15. exd6
e5 16. Be3 Qb4 17. Na4 (17. Rc1 $5 Qxc4 $140 18. Qa4 $1) 17... Qxc4 18. Qb3 Qe4
19. Rac1 Qf5 20. Nc5 Qxh3 $1 21. Nxd7 Qxd7 22. Rfd1 $14 {1/2 Galicek,S (2172)
-Chytilek,R (2411)/Plzen 2001/EXT 2002 (27)}) 12... dxc5 (12... Nxc5 13. e5 Nc6
14. exd6 Rfd8 15. Nd5 e6 16. b4 $1 Nxb4 17. Nxb4 Qxb4 18. Rb1 Qa3 19. Qc1 Qxc1
20. Rfxc1 $16 {1-0 Volkov,S-Agamaliev,G (2350)/Jurmala 1992/CBM 028 ext (41)})
(12... Bxc3 $142 13. bxc3 Nxc5 (13... dxc5 $143 14. e5 Qc7 15. e6 fxe6 16. Bf4
Rxf4 17. gxf4 Nc6 18. Qe2 Nf8 19. Qe4 Qa5 20. Qe3 $16 {1/2 Bakalar,P (2355)
-Gross,D (2425)/Czechia 1995/EXT 1997}) 14. e5 Nc6 $5 (14... Rd8 15. e6 $1 $16
{1-0 Fridman,D (2579)-Schebler,G (2498)/NRW 2001/EXT 2006 (42)}) 15. exd6 Rfd8
$14) 13. e5 Qc7 14. Nd5 Qd8 15. e6 $1 $146 {[%mdl 8]} ({Botvinnik played less
energetically in the following stem game:} 15. Nf4 Qb6 16. b4 Nxe5 17. Bxc5
Nxf3+ 18. Qxf3 Qc6 19. Nd5 Re8 20. Rad1 e6 21. Nf6+ Bxf6 22. Qxf6 Nd7 23. Rxd7
Qxd7 24. Bd4 e5 25. Bxe5 Rxe5 26. Qxe5 Qxh3 27. Rd1 Qc8 28. c5 Qc6 29. Rd6 Qb5
30. Qd5 Qxb4 31. Rd7 Qe1+ 32. Kg2 Qe6 $1 33. Qxe6 fxe6 34. Rxb7 Rc8 35. Rxa7
Rxc5 $11 {1/2 Botvinnik,M-Larsen,B/Monte Carlo 1968/MCD (39)}) (15. Nf6+ $5
exf6 (15... Bxf6 16. Bxb7 Nxe5 17. Bxa8 Nxc4 18. Bh6 $16) 16. Bxb7 Nb6 17. Bxc5
Qxd1 18. Raxd1 N8d7 19. Bxf8 Rxf8 20. exf6 Bxf6 21. b4 $16) 15... fxe6 16. Nf4
Qb6 17. Bg4 Rf6 18. b4 $1 $16 Qc6 19. b5 Qc8 20. Nd3 (20. Bxe6+ $5 Rxe6 21.
Nxe6 Bxa1 22. Qxa1 Nf6 23. Qe5 Nbd7 24. Qf4 $16) 20... a6 21. a4 axb5 22. cxb5
b6 23. Bg5 (23. Nf4 $5 Nf8 $140 24. Nd5 $1 $18) 23... Nf8 24. Ne5 $1 {Of
course, White needn't improve Black's pawn structure by means of} (24. Bxf6
exf6) 24... Ra7 25. Nc4 Rf7 26. Nxb6 Qb7 27. Qd8 Bxa1 28. Bxe6 Bd4 29. Bh6 $4 {
[%mdl 8192] White had completely outplayed his opponent and probably expected
Black's resignation but missed his only but sufficient defence.} (29. Qe8 Qf3
30. Bf4 $18 {, indeed, ended the game at once.}) 29... Nbd7 $1 30. Nxd7 $4 (30.
Qe8 {still kept a clear advantage for White after} Qf3 31. Kh2 $1 Bxf2 32.
Qxf7+ Qxf7 33. Bxf7+ Kxf7 34. Rxf2+ Ke8 35. Nxd7 Nxd7 36. Ra2 {[%csl Ga4,Gb5]})
30... Ra8 $1 {And suddenly White's attack is parried!} 31. Qb6 (31. Bxf7+ Kxf7
32. Nxc5 Bxc5 33. Qd3 {was relatively better but Black should gradually
convert his extra piece after} Ne6 34. Qc4 Qa7) 31... Qf3 {with a decisive
counterattack.} 32. Bxf7+ Kxf7 33. Qc6 Qxg3+ 34. Kh1 Qxh3+ 35. Kg1 Rxa4 36.
Nxf8 Qxh6 37. Qf3+ Bf6 38. Qb3+ c4 39. Qxa4 Qg5+ 40. Kh1 Qh4+ 41. Kg1 Qg4+ 42.
Kh2 (42. Kh1 Be5 $19) 42... Be5+ 43. f4 Bxf4+ 44. Rxf4+ Qxf4+ 45. Kg2 Qd2+ 46.
Kh3 Qc3+ 47. Kg2 Kxf8 48. Qa8+ Kg7 49. Qe4 e5 50. b6 Qb2+ 51. Kh1 Qb5 52. Qb7+
Kh6 53. Qe7 Qb1+ 54. Kh2 Qc2+ 55. Kg3 Qd3+ 56. Kg2 Qe4+ 57. Kg3 Qf4+ 58. Kh3 c3
59. b7 c2 60. b8=Q c1=Q 61. Qbf8+ Qxf8 62. Qxf8+ Kh5 63. Qf3+ Kg5 64. Qg2+ Kh6
65. Qf3 Qf4 66. Qa8 e4 67. Qe8 Kh5 68. Qg8 Kh6 69. Qe8 e3 70. Kg2 Qf2+ 71. Kh1
Qf3+ 72. Kg1 e2 73. Kh2 Qf2+ 74. Kh3 e1=R {A tragic loss for the Hungarian GM!}
0-1

[Event "HUN-GER m"]
[Site "Budapest"]
[Date "2004.09.16"]
[Round "1"]
[White "Berkes, Ferenc"]
[Black "Graf, Alexander"]
[Result "0-1"]
[WhiteElo "2614"]
[BlackElo "2661"]
[Annotator "Hazai,L"]
[PlyCount "64"]
[EventDate "2004.09.16"]
[EventType "team"]
[EventRounds "6"]
[EventCountry "HUN"]
[SourceTitle "CBM 104"]
[Source "ChessBase"]
[SourceDate "2005.01.27"]
[SourceVersion "1"]
[SourceVersionDate "2005.01.27"]
[SourceQuality "1"]
[WhiteTeam "Hungary"]
[BlackTeam "Germany"]
[WhiteTeamCountry "HUN"]
[BlackTeamCountry "GER"]

1. d4 Nf6 2. c4 g6 3. Nc3 Bg7 4. e4 d6 5. Be2 O-O 6. Bg5 h6 7. Be3 c5 8. dxc5
Qa5 9. Bd2 {Compare to 6...c5 7.dxc5 Qa5 8.Bd2 with an extra h6 for Black,
which favours White?!} Qxc5 10. Nf3 Bg4 (10... Nc6 11. h3) 11. O-O (11. Be3 Qa5
12. Nd2 Bxe2 13. Qxe2 Nc6 14. O-O {- 11.0-0}) 11... Nc6 12. Be3 Qa5 13. Rc1 {
It is not clear whether this R belongs to c1.} (13. Nd2 $1 {has to be played
anyway, so this is the precise move order.} Bxe2 14. Qxe2 Rfc8 {Black has some
counterplay on the dark squares, especially on the <<.} (14... h5 15. h3 Rac8
16. Rac1 Nd7 17. Ndb1 {Kaidanov} (17. a3 $6 Rfe8 18. Rfd1 Qa6 19. Nb3 $1 {
Kaidanov} (19. Nf3 $6 Na5 20. Nd5 Nxc4 21. Bg5 Nf6 $15) (19. Rc2 $6 Nd4 20.
Bxd4 Bxd4 21. Nf3 Bg7 $15 {Kaidanov-Sasikiran, Calcutta 80/575 2000}) 19...
Nce5 (19... Nb6 20. Nd5 Nxd5 21. exd5 Ne5 22. Nd2 $11) 20. c5 Nxc5 21. Nxc5
dxc5 22. Qxa6 bxa6 23. Na4 c4 24. Nc5 (24. Bxa7 $11) 24... Rxc5 25. Bxc5 Nd3
26. Rxc4 Nxb2 27. Rcc1 $11) 17... Nd4 18. Qd1 Rxc4 $140 $2 19. b3) 15. Rfc1 {
Here we see the difference to 13.Rac1.} (15. a3 Nd7 (15... Kh7 {Kotronias} 16.
Rac1 a6 17. Rfd1 e6 $13 {with a hedgehog type of position.}) 16. b4 (16. Rfc1
Kh7 17. Rab1 Qd8 18. b4 a5 $1 {otherwise Black has no real counterplay.} 19. b5
{The opening of the a <-> favours Black.} Nd4 20. Bxd4 Bxd4 21. Na4 $1 Nc5 22.
Nxc5 dxc5 (22... Bxc5 $5) 23. e5 $1 Qd7 24. Nf3 Qf5 $1 $13) 16... Qd8 17. Rac1
a5 $1 18. b5 Nd4 19. Bxd4 Bxd4 20. Na4 $5 {Kotronias} (20. Nf3 $6 Bg7 $15 {
and Black has a nice pressure on the dark squares due to his strong
fianchettoed B, Kofidis-Kotronias, Glifada 2001 82/497.})) (15. Rac1 {- 13.Rc1}
) 15... Nd7 16. Rab1 (16. a3) 16... Kh7 17. f4 Qd8 (17... Nc5 18. Kh1 $14 Na4 (
18... Nb4 $2 19. a3 Nbd3 20. Rc2 Nxb2 $140 21. Rbxb2 Bxc3 22. Rb5 Qxa3 23. Nb1
$18) 19. Nd1 $5 (19. Nxa4 Qxa4 20. a3 $14) 19... Nb6 (19... Rab8 20. a3 b5 $140
21. b3 $16) 20. a3 Nd7 (20... Qa6 21. Qd3 {/\ b4}) 21. Nc3 {Both knights went
back and forth.} Qd8 $14 {Milov} (21... a6 $6 22. Nb3 Qd8 23. Rc2 Na5 24. Nd2
Qh8 25. Rbc1 $16 {Milov-Shchekachev, Amsterdam 2000 79/531 CBM 77})) 18. Nf3 {
+/= Milov} a6 {~~ Kotronias and we have to decide which evaluation looks more
logical...}) 13... Rfc8 14. Nd2 Bxe2 15. Qxe2 Nd7 {Black wants to compensate
his lack of place by a dark-squared strategy.} 16. a3 (16. Rfd1 h5 17. a3 (17.
Nb3 {Gulko} Qa6 $1 $13) 17... Qa6 $1 18. Nf3 Nb6 $13 {Gulko-Ivanchuk, Biel izt
1993 58/625}) 16... Qd8 17. f3 $6 {This is a rather "lazy" move.} (17. b4 $6 a5
18. b5 Nd4 $15) (17. f4 $5 {deserves attention immediately.}) 17... a5 (17...
Kh7 {/\ Qh8}) 18. Na4 $6 {This is the beginning of a wrong plan, after which
Black gets a total control over >< d4.} (18. b3) 18... Nc5 19. Nxc5 $6 {
The continuation of the wrong plan.} (19. Nc3 Nd4 20. Bxd4 Bxd4+ 21. Kh1) 19...
dxc5 {>< d4 remains in Black's hands.} 20. Nb1 (20. Nb3 Qb6) (20. f4 $5 {
fishing in troubled waters after} Bxb2 21. Rb1 Bxa3 22. f5 {was the tactical
choice.}) 20... Qb6 $1 (20... Nd4 21. Qf2 a4 22. Nc3) 21. Nc3 Qb3 22. Kh1 (22.
f4) 22... e6 23. f4 Nd4 24. Qf2 Rd8 25. e5 Qxc4 26. Ne4 Qd5 27. Nxc5 Nf5 28.
Rc3 Bf8 29. Rd3 Qc6 30. Rc3 Rac8 31. Rfc1 $4 {[%mdl 8192] This is a serious
tactical blunder!} (31. Nb3 {was still not the end of the world.}) 31... Nxe3
$19 32. Nd3 Rxd3 0-1

[Event "RUS-ch 63rd"]
[Site "Moscow"]
[Date "2010.12.18"]
[Round "7"]
[White "Malakhov, Vladimir"]
[Black "Grischuk, Alexander"]
[Result "0-1"]
[WhiteElo "2712"]
[BlackElo "2771"]
[Annotator "Krasenkow,M"]
[PlyCount "112"]
[EventDate "2010.12.11"]
[EventType "tourn"]
[EventRounds "11"]
[EventCountry "RUS"]
[EventCategory "19"]
[SourceTitle "CBM 140"]
[Source "ChessBase"]
[SourceDate "2011.01.18"]
[SourceVersion "1"]
[SourceVersionDate "2011.01.18"]
[SourceQuality "1"]

1. d4 Nf6 2. c4 g6 3. Nc3 Bg7 4. e4 O-O 5. Bd3 d6 6. Nge2 c5 7. d5 e6 8. h3
exd5 9. exd5 Nfd7 $1 {This unusual move brings Black good results. Its idea is
to meet f2-f4 with ...f7-f5 while the other knight goes to c7 covering the e6
square. Details - see CBM 112, annotations to Topalov - Radjabov by IM L.Hazai.
} 10. f4 (10. b3 Re8 $1 11. Bd2 Na6 12. Rc1 Qh4 $6 (12... Ne5 $1 $13 {P.
Cramling}) 13. O-O Ne5 14. Bb1 {[%cal Rf2f4]} Bxh3 $6 15. gxh3 Qxh3 16. Be4 $1
Nb4 $5 17. Bg2 Qh5 18. Nf4 $1 Qh4 19. Nh3 $16 {0-1 Djurhuus,R (2495)-Cramling,
P (2520)/Reykjavik 1995/CBM 047/[Knaak] (49)}) (10. O-O Ne5 11. b3 Nxd3 12.
Qxd3 Nd7 13. Qg3 Nf6 14. Bg5 h6 15. Bd2 Bf5 16. Qf3 Nd7 17. g4 Ne5 18. Qg3 Bd3
19. Rae1 Qh4 $5 20. Qxh4 Nf3+ 21. Kg2 Nxh4+ 22. Kg3 g5 $13 {1/2 Vovk,Y (2546)
-Golubev,M (2487)/Mukachevo 2009/CBM 128 Extra (65)}) 10... f5 (10... Qh4+ $5
11. g3 Qe7 (11... Bxc3+ 12. Kf2 $1 Bxb2 13. Bxb2 $1 $44 {[%cal Gb2h8]}) 12. O-O
Re8 (12... Na6 13. Kg2 Re8 14. Ng1 Nb4 15. Bb1 Nb6 16. a3 Na6 17. Qb3 Bf5 $13 {
1/2 Perelshteyn,E (2536)-Hernandez Guerrero,G (2536)/Lubbock 2007/EXT 2008 (46)
}) 13. Kh2 f5 14. Bd2 Na6 15. a3 Nc7 16. Qc2 Nf6 17. Rae1 Qf8 18. Ng1 Bd7 $11 {
0-1 Fercec,N (2464)-Krstic,U (2386)/Pula 2000/CBM 075/[Hazai] (40)}) 11. O-O (
11. g4 $6 Qh4+ 12. Kd2 Nf6 13. g5 Ne4+ $1 14. Nxe4 fxe4 15. Bxe4 b5 $1 $36 {
L.Hazai}) (11. Be3 $142 $1 Na6 12. O-O {- see 11.0-0 Na6.}) 11... Re8 $1 {
Preventing Bc1-e3 and solving all opening problems.} (11... Na6 $143 12. Be3 (
12. Bd2 $143 Nc7 13. Qc2 Nf6 14. a3 Bd7 15. b4 b6 16. Rae1 Re8 17. Ng3 Rxe1 18.
Rxe1 Qf8 19. Be2 Re8 $11 {0-1 Kacheishvili,G (2613)-Fernandez,D (2369)/Mesa
2009/CBM 130 Extra (38)}) 12... Nc7 13. Kh1 $5 (13. Qd2 Re8 (13... b5 $5 14.
Nxb5 Nxb5 15. cxb5 Bb7 $1 16. Nc3 Qa5 $44 {[%cal Ya7a6] T.Radjabov}) (13... Nf6
14. Bf2 Bd7 15. a3 a5 16. a4 Qe7 17. Rae1 Rae8 18. Nd4 Qd8 19. Nf3 Rxe1 20.
Rxe1 Re8 $11 {1/2 Dreev,A (2650)-Khairullin,I (2605)/Moscow 2010/CBM 135 (44)})
14. Bf2 (14. a4 Nf6 15. Kh1 Na6 16. Rae1 Nb4 17. Bb1 a6 18. Bf2 Qc7 19. Ng1 Bd7
20. Nf3 Rxe1 21. Rxe1 Re8 $11 {1/2 Sokolov,I (2652)-Efimenko,Z (2616)/
Gibraltar 2007/CBM 116 ext (61)}) (14. Rae1 $5) 14... Nf6 (14... b5 $5) 15. a3
a5 $1 16. Bh4 Bd7 17. Kh1 Qe7 18. Rae1 Qf7 19. a4 Na6 $11 {0-1 Topalov,V (2801)
-Radjabov,T (2700)/Morelia/Linares 2006/CBM 112/[Hazai] (37)}) 13... Nf6 14.
Bf2 Bd7 15. Bh4 Qe8 16. Qb3 $1 Rb8 17. a4 Na6 18. Rae1 Nb4 19. Bb1 Qf7 {
1-0 Sokolov,I (2673)-Avrukh,B (2641)/Heraklio 2007/CBM 121 (40)} 20. Nb5 $1 $14
{I.Sokolov}) 12. Bd2 Na6 (12... Nf6 $144 13. Qc2 Na6 14. a3 Bd7 15. Nb5 Qb6 $1
$11 {1-0 Dydyshko,V (2415)-Mochalov,E (2450)/Minsk 1978/EXT 2003 (41)}) 13. Re1
(13. Qb3 Nb4 14. Bb1 b5 $1 {A typical pawn sacrifice in this structure.} 15.
cxb5 Nb6 16. a3 N4xd5 17. Nxd5 Be6 18. Nec3 c4 19. Qd1 Nxd5 20. Nxd5 Bxd5 21.
Ba5 Qxa5 22. Qxd5+ Kh8 23. Qxc4 Qd2 24. Bd3 Rac8 25. Qb3 Re3 26. Rad1 Qxb2 27.
Qxb2 Bxb2 {1/2 Atalik,S (2564)-Czarnota,P (2575)/Polanica Zdroj 2007/CBM 120})
(13. a3 $5 {is the most logical but Black's position is solid enough after} Nc7
14. b4 b6 $11) 13... Nf6 14. Ng3 {Long manoeuvring starts now.} (14. a3) 14...
Rxe1+ 15. Bxe1 Bd7 16. a3 Kh8 17. Bf2 Rc8 18. Qb3 Rb8 19. Re1 b6 20. Nf1 Nc7
21. Nd2 a6 22. a4 Nh5 23. g3 Be8 24. Nf3 h6 25. Qc2 Bf7 26. Qe2 Bf6 27. Qd2 Qd7
28. b3 Re8 29. Rxe8+ Bxe8 30. Ne2 b5 $6 {This break is unnecessary and only
allows the invasion of the white queen.} (30... a5 $11) 31. axb5 axb5 32. Qa5
$1 b4 33. Nh2 Ng7 34. g4 $1 Qe7 (34... fxg4 $5 35. hxg4 h5 36. g5 Bd8) 35. Nf3
(35. Nf1 $5 {[%csl Rf5][%cal Yf1e3]}) 35... Qd7 (35... fxg4 $5 36. hxg4 Qd7 37.
Nh2 h5 $1 38. g5 Bd8 39. Qa1 Kh7) 36. g5 $5 Bd8 37. gxh6 $6 {Too early. This
capture gives the black pieces some fresh air.} (37. Qa1 $5 h5 {, and now
White can try to break through by preparing a piece sacrifice on c5 or e5.} (
37... Kh7 $143 38. gxh6 Kxh6 39. Ng5 {[%csl Rh6]})) 37... Nh5 {[%cal Rc7d5]}
38. Qa7 Kh7 39. Bh4 $2 {[%mdl 8192] A blunder. White loses sense of danger. He
was not better anymore and should have played quietly.} Bxh4 40. Nxh4 Qe7 41.
Ng2 $2 {White fails to switch to stubborn defence. After this move Black
simply wins a pawn and easily converts it.} (41. Qb8 $1 Na6 $5 (41... Nxd5 $2
42. cxd5 Qe3+ 43. Kg2 Qxd3 44. Qxe8) (41... Kxh6 $1 42. Ng2 Kg7 $15 {[%cal
Ye8f7,Yc7e8,Ye8f6] is Black's best chance to continue a positional fight for a
victory}) 42. Qc8 Qe3+ 43. Kh2 $3 (43. Kg2 $2 Qxd3 44. Qxe8 Qxe2+) 43... Nxf4
44. Nxf4 Qxf4+ 45. Kg2 $1 Qd2+ 46. Kg1 $1 {and surprisingly, Black has no win,
e.g.} Qe3+ (46... Bf7 47. Qf8) (46... Qxd3 47. Qxe8 Qd4+ 48. Kg2 Qxh4 49. Qf7+
Kxh6 50. Qf8+ Kg5 51. Qe7+ $11) 47. Kg2 Qg5+ $1 48. Kh2 Qe7 49. Kg2 $1 (49.
Qxa6 $2 Qxh4) 49... Nc7 50. Bxf5 $1 gxf5 51. Nxf5 {with sufficient counterplay.
}) 41... Nxd5 42. Qxe7+ Nxe7 43. Kf2 Bc6 44. Ng3 Nxg3 45. Kxg3 Be4 46. Bxe4
fxe4 47. Kf2 Nf5 48. Ne3 Nd4 49. Ng4 Nxb3 50. Nf6+ Kxh6 51. Nxe4 Na5 52. Nxd6
b3 53. Ne4 Nxc4 54. Nc3 Na3 55. Na4 c4 56. Ke3 Nb5 0-1